|
|
|
|
| LEADER |
01277nam a22003492a 4500 |
| 001 |
000088294 |
| 003 |
CZ BrMZK |
| 005 |
20240627075828.0 |
| 007 |
ta |
| 008 |
950101s1989 xr ab f 000 0 cze d |
| 015 |
|
|
|a cnb000050899
|
| 020 |
|
|
|a 80-7038-060-8
|q (váz.)
|
| 040 |
|
|
|a BOA001
|b cze
|
| 080 |
9 |
|
|a 910.4:5(866)
|
| 080 |
9 |
|
|a 910.4:5(1-928.1/.4)
|
| 100 |
1 |
|
|a Jakeš, Petr,
|d 1940-2005
|7 jk01050668
|4 aut
|
| 245 |
1 |
0 |
|a Cesty za Hefaistem /
|c Petr Jakeš, Jan Jeník ; ilustroval Adolf Absolon ; fotografie Jiří Haager
|
| 250 |
|
|
|a 1. vyd.
|
| 260 |
|
|
|a Praha :
|b Panorama,
|c 1989
|
| 300 |
|
|
|a 280 s. :
|b barev. il., mapy ;
|c 23 cm
|
| 490 |
1 |
|
|a Knihy o přírodě
|
| 500 |
|
|
|a Obsahuje rejstřík
|
| 700 |
1 |
|
|a Jeník, Jan,
|d 1929-2022
|7 jk01051458
|4 aut
|
| 700 |
1 |
|
|a Haager, Jiří,
|d 1943-2022
|7 jk01032877
|4 aut
|4 pht
|
| 830 |
|
0 |
|a Knihy o přírodě (Panorama)
|0 s
|
| 856 |
4 |
1 |
|u http://www.digitalniknihovna.cz/mzk/uuid/uuid:cf8c30c0-bd2f-11e2-8b87-005056827e51
|y Digitalizovaný dokument
|x NDK
|
| 910 |
|
|
|a BOA001
|b 2-0948.902
|
| 964 |
|
|
|a Andy - expedice přírodovědné
|
| 964 |
|
|
|a Ekvádor - expedice přírodovědné
|
| 990 |
|
|
|a BK
|
| 991 |
|
|
|b 200607
|
| 996 |
6 |
|
|b 2619982721
|c 2-0948.902
|l MZK
|r Sklad / do 1 hodiny
|n 7
|w 000088294
|u 000010
|a 1
|e BOA001
|j MZK50
|s P
|